000 00370nam a22001571a 4500
020 _a9788126431618
082 _aM3
_bPRA/B
100 _aPrabhakaran N
245 _aBahuvachanam/
_cby Prabhakaran N
260 _aKottayam:
_bD C Books,
_c2011.
300 _a182p.
650 _aNovel Malayalam
650 _aLiterature Malayalam
650 _aLiterature
942 _cBK
999 _c4007
_d4007